[Event "CP-2019-S-00004"]
[Site "LSS email"]
[Date "2019.02.09"]
[Round "?"]
[White "Kudr, Roman"]
[Black "Vasilyev, Eugene"]
[Result "1/2-1/2"]
[WhiteElo "2323"]
[BlackElo "2167"]
[PlyCount "91"]
[EventDate "2019.02.15"]
[EventType "tourn (corr)"]
[EventRounds "7"]
[EventCountry "GER"]
[SourceTitle "Corr 2022"]
[Source "ChessBase"]
[SourceDate "2021.10.24"]
[SourceVersion "1"]
[SourceVersionDate "2021.10.24"]
[SourceQuality "1"]

1. e4 c5 2. Nf3 d6 3. d4 cxd4 4. Nxd4 Nf6 5. Nc3 a6 6. Nb3 e6 7. g4 b5 8. Bg2 Nfd7 9. 0-0 Nc6 10. f4 Be7 11. Be3 Bb7 12. g5 Nb6 13. Nd2 0-0 14. Qh5 Nb4 15. f5 exf5 16. Rac1 f4 17. Bxf4 Nc6 18. Nf3 Ne5 19. Rcd1 Qc7 20. Nd4 Rae8 21. a3 Qc5 22. Qh3 Nbc4 23. b3 Nxa3 24. Kh1 Ng6 25. Bc1 b4 26. Na4 Qc7 27. Nf5 Qxc2 28. Qe3 Nb5 29. Bb2 Bxg5 30. Qxg5 f6 31. Qg3 Bxe4 32. Bxe4 Qxe4+ 33. Kg1 Qb7 34. Nxd6 Nxd6 35. Rxd6 Re2 36. Nc5 Qa8 37. Nd3 Nh4 38. Nf4 Rxb2 39. Qxh4 Qa7+ 40. Kh1 Qc7 41. Rfd1 Qc2 42. Qg3 g6 43. R6d2 Qe4+ 44. Kg1 Rxd2 45. Rxd2 a5 46. Re2 1/2-1/2

[Event "CP-2019-S-00004"]
[Site "LSS email"]
[Date "2019.02.09"]
[Round "?"]
[White "Vasilyev, Eugene"]
[Black "Oliveira, Marcio B"]
[Result "1/2-1/2"]
[WhiteElo "2167"]
[BlackElo "2294"]
[PlyCount "41"]
[EventDate "2019.02.15"]
[EventType "tourn (corr)"]
[EventRounds "7"]
[EventCountry "GER"]
[SourceTitle "Corr 2022"]
[Source "ChessBase"]
[SourceDate "2021.10.24"]
[SourceVersion "1"]
[SourceVersionDate "2021.10.24"]
[SourceQuality "1"]

1. d4 Nf6 2. c4 c6 3. Nf3 d5 4. e3 Bf5 5. Nc3 a6 6. Ne5 Nbd7 7. Qb3 Qc7 8. cxd5 Nxe5 9. dxe5 Nxd5 10. Nxd5 cxd5 11. Bd2 Qxe5 12. Rc1 Bd7 13. Bc3 Qc7 14. Qxd5 Bc6 15. Qg5 h6 16. Qg4 h5 17. Qg3 Rc8 18. f3 e6 19. Kf2 f6 20. Bd3 Qxg3+ 21. hxg3 1/2-1/2

[Event "CP-2018-P-00034"]
[Site "LSS email"]
[Date "2018.09.27"]
[Round "?"]
[White "Vasilyev, Eugene"]
[Black "Lukin, Andrey"]
[Result "1-0"]
[WhiteElo "2171"]
[BlackElo "1413"]
[PlyCount "47"]
[EventDate "2018.10.01"]
[EventType "tourn (corr)"]
[EventRounds "6"]
[EventCountry "GER"]
[SourceTitle "Corr 2022"]
[Source "ChessBase"]
[SourceDate "2021.10.24"]
[SourceVersion "1"]
[SourceVersionDate "2021.10.24"]
[SourceQuality "1"]

1. e4 c5 2. Nf3 d6 3. d4 cxd4 4. Nxd4 Nf6 5. Nc3 a6 6. Be3 e5 7. Nb3 b5 8. a4 bxa4 9. Nxa4 Nc6 10. Nb6 Rb8 11. Nxc8 Qxc8 12. Bxa6 Qg4 13. Qxg4 Nxg4 14. Bd2 Be7 15. 0-0 0-0 16. Ra4 Rb6 17. Be2 Nf6 18. Rc4 d5 19. exd5 Nxd5 20. Bf3 Rd8 21. Rd1 f5 22. Rxc6 Rxc6 23. Ba5 Nb6 24. Rxd8+ 1-0

[Event "CP-2017-Q-00009"]
[Site "LSS email"]
[Date "2017.11.19"]
[Round "?"]
[White "Osipov, AleksNdr"]
[Black "Vasilyev, Eugene"]
[Result "1/2-1/2"]
[WhiteElo "2130"]
[BlackElo "2188"]
[PlyCount "48"]
[EventDate "2017.11.25"]
[EventType "tourn (corr)"]
[EventRounds "6"]
[EventCountry "GER"]
[SourceTitle "Corr 2022"]
[Source "ChessBase"]
[SourceDate "2021.10.24"]
[SourceVersion "1"]
[SourceVersionDate "2021.10.24"]
[SourceQuality "1"]

1. d4 d5 2. c4 c6 3. Nf3 Nf6 4. Nc3 e6 5. e3 Nbd7 6. Bd3 dxc4 7. Bxc4 b5 8. Bd3 Bb7 9. 0-0 a6 10. e4 c5 11. d5 Qc7 12. dxe6 fxe6 13. Bc2 Bd6 14. Ng5 Nf8 15. f4 0-0-0 16. Qe1 e5 17. Nd5 Bxd5 18. exd5 exf4 19. Bd2 Re8 20. Ne6 Qb7 21. Qf2 Nxe6 22. dxe6 Ne4 23. Bxe4 Qxe4 24. a4 Qc6 1/2-1/2

[Event "CP-2017-Q-00009"]
[Site "LSS email"]
[Date "2017.11.19"]
[Round "?"]
[White "Vasilyev, Eugene"]
[Black "Ramponelli, Roberto"]
[Result "1/2-1/2"]
[WhiteElo "2188"]
[BlackElo "2175"]
[PlyCount "55"]
[EventDate "2017.11.25"]
[EventType "tourn (corr)"]
[EventRounds "6"]
[EventCountry "GER"]
[SourceTitle "Corr 2022"]
[Source "ChessBase"]
[SourceDate "2021.10.24"]
[SourceVersion "1"]
[SourceVersionDate "2021.10.24"]
[SourceQuality "1"]

1. e4 c5 2. Nf3 e6 3. d4 cxd4 4. Nxd4 Nc6 5. Nc3 Qc7 6. Be3 a6 7. Qd2 Nf6 8. 0-0-0 Bb4 9. f3 Ne5 10. Nb3 b5 11. Qe1 Be7 12. f4 Ng6 13. e5 Ng4 14. Ne4 0-0 15. Bc5 Bb7 16. h3 Ne3 17. Qxe3 Bxe4 18. Qxe4 Bxc5 19. Nxc5 Qxc5 20. g3 Rac8 21. Rh2 Rfd8 22. Rhd2 Ne7 23. Qd4 d5 24. exd6 Nd5 25. Qxc5 Rxc5 26. f5 Rxd6 27. b3 Kf8 28. fxe6 1/2-1/2

[Event "CP-2017-P-00001"]
[Site "LSS email"]
[Date "2017.09.27"]
[Round "?"]
[White "Vasilyev, Eugene"]
[Black "Boni, Roberto"]
[Result "0-1"]
[WhiteElo "2182"]
[BlackElo "1982"]
[PlyCount "128"]
[EventDate "2017.10.01"]
[EventType "tourn (corr)"]
[EventRounds "6"]
[EventCountry "GER"]
[SourceTitle "Corr 2022"]
[Source "ChessBase"]
[SourceDate "2021.10.24"]
[SourceVersion "1"]
[SourceVersionDate "2021.10.24"]
[SourceQuality "1"]

1. e4 e5 2. Nf3 Nc6 3. Bb5 a6 4. Ba4 b5 5. Bb3 Bb7 6. 0-0 Nf6 7. Re1 Bc5 8. c3 0-0 9. d4 Bb6 10. Be3 exd4 11. cxd4 Ne7 12. d5 Bxe3 13. Rxe3 c5 14. dxc6 dxc6 15. Rd3 Qc8 16. e5 Nh5 17. Nc3 c5 18. Ng5 Nf4 19. Rd7 c4 20. Rxe7 h6 21. Nge4 Bxe4 22. Nxe4 cxb3 23. Rd7 bxa2 24. Rd2 Rd8 25. Rxd8+ Qxd8 26. Nd6 Qg5 27. g3 Nh3+ 28. Kg2 Qxe5 29. Rxa2 Ng5 30. b4 Qe6 31. Ra1 Qh3+ 32. Kg1 Qd7 33. h4 Rd8 34. hxg5 Qxd6 35. Qxd6 Rxd6 36. gxh6 Rxh6 37. Kg2 Rc6 38. Kf3 Kh7 39. Ke4 Kg6 40. f3 Kg5 41. Kd5 Rc3 42. f4+ Kf5 43. Rxa6 Rc4 44. Ra7 Kg6 45. Rb7 Rxb4 46. Ke5 f6+ 47. Kd6 Rb1 48. Ke6 b4 49. f5+ Kh6 50. Kd5 Rb3 51. g4 Rg3 52. Rxb4 Kg5 53. Rb2 Rxg4 54. Ke6 g6 55. Rb8 Re4+ 56. Kf7 gxf5 57. Rg8+ Kf4 58. Kxf6 Rc4 59. Kg6 Rc5 60. Kh5 Rc1 61. Rf8 Rf1 62. Rf6 Rh1+ 63. Kg6 Rg1+ 64. Kh5 Rf1 0-1

[Event "CP-2017-P-00001"]
[Site "LSS email"]
[Date "2017.09.27"]
[Round "?"]
[White "Vasilyev, Eugene"]
[Black "Galje, Hans"]
[Result "1-0"]
[WhiteElo "2182"]
[BlackElo "2148"]
[PlyCount "109"]
[EventDate "2017.10.01"]
[EventType "tourn (corr)"]
[EventRounds "6"]
[EventCountry "GER"]
[SourceTitle "Corr 2022"]
[Source "ChessBase"]
[SourceDate "2021.10.24"]
[SourceVersion "1"]
[SourceVersionDate "2021.10.24"]
[SourceQuality "1"]

1. e4 e6 2. d4 d5 3. Nc3 Bb4 4. e5 c5 5. a3 Bxc3+ 6. bxc3 Ne7 7. Qg4 Qc7 8. Qxg7 Rg8 9. Qxh7 cxd4 10. Ne2 Nbc6 11. f4 dxc3 12. h4 b6 13. Nxc3 Nxe5 14. Nb5 Qb8 15. h5 Bd7 16. Rb1 a6 17. Nd4 Qc7 18. Bd2 Nc4 19. Bxc4 dxc4 20. h6 0-0-0 21. Qe4 Nd5 22. h7 Rh8 23. f5 Rde8 24. Kf2 Kb8 25. Rh6 Ka7 26. fxe6 fxe6 27. Rbh1 Ref8+ 28. Kg1 c3 29. Be1 Rf4 30. Qd3 Qc5 31. Bf2 Rxf2 32. Kxf2 e5 33. R1h4 Nf4 34. Rxf4 exf4 35. Kf1 Qxa3 36. Qe4 f3 37. Kf2 fxg2 38. Rf6 Qc5 39. Rf7 Rf8 40. Rxf8 Qxf8+ 41. Kxg2 Qf6 42. Kg3 Be8 43. Qh4 Qg7+ 44. Kf3 Qh8 45. Ne6 Bg6 46. Qe7+ Kb8 47. Qc7+ Ka8 48. Qxb6 Qf6+ 49. Kg2 Be4+ 50. Kg1 Qg6+ 51. Kf2 Qg2+ 52. Ke3 Qf3+ 53. Kd4 Qf2+ 54. Kxe4 Qxb6 55. h8Q+ 1-0

[Event "CP-2016-P-00040"]
[Site "LSS email"]
[Date "2016.09.27"]
[Round "?"]
[White "Vasilyev, Eugene"]
[Black "Ilyin, Igor"]
[Result "1-0"]
[WhiteElo "2182"]
[BlackElo "2061"]
[PlyCount "101"]
[EventDate "2016.10.01"]
[EventType "tourn (corr)"]
[EventRounds "6"]
[EventCountry "GER"]
[SourceTitle "Corr 2022"]
[Source "ChessBase"]
[SourceDate "2021.10.24"]
[SourceVersion "1"]
[SourceVersionDate "2021.10.24"]
[SourceQuality "1"]

1. e4 e6 2. d4 d5 3. Nc3 Bb4 4. e5 c5 5. a3 Bxc3+ 6. bxc3 Ne7 7. Qg4 0-0 8. Bd3 f5 9. exf6 Rxf6 10. Bg5 Rf7 11. Qh5 g6 12. Qd1 Qa5 13. Bd2 Nbc6 14. Nf3 c4 15. Be2 Nf5 16. h4 Nd6 17. Ng5 Rf5 18. Bg4 Rf6 19. h5 h6 20. hxg6 Rxg6 21. Qf3 hxg5 22. Qh3 Kf8 23. Qh8+ Rg8 24. Qf6+ Nf7 25. Rh7 Ncd8 26. Bh5 Qc7 27. Qxd8+ Qxd8 28. Rxf7+ Ke8 29. Rxb7+ Kf8 30. Rf7+ Ke8 31. Rxa7+ Kf8 32. Rxa8 Kg7 33. Rb1 Qe7 34. Rbb8 e5 35. Be3 exd4 36. Ra7 Qxa7 37. Bxd4+ Kh6 38. Bxa7 Kxh5 39. a4 Be6 40. Rb7 Bc8 41. Rc7 Bf5 42. Kd2 Rc8 43. Rb7 Rc6 44. Rb5 Ra6 45. Be3 Be6 46. a5 Kg6 47. Bb6 Ra8 48. Ke3 Kf6 49. Kd4 Kf5 50. Rxd5+ Bxd5 51. Kxd5 1-0

[Event "CP-2016-P-00040"]
[Site "LSS email"]
[Date "2016.09.27"]
[Round "?"]
[White "Velasco, Jose"]
[Black "Vasilyev, Eugene"]
[Result "0-1"]
[WhiteElo "2037"]
[BlackElo "2182"]
[PlyCount "48"]
[EventDate "2016.10.01"]
[EventType "tourn (corr)"]
[EventRounds "6"]
[EventCountry "GER"]
[SourceTitle "Corr 2022"]
[Source "ChessBase"]
[SourceDate "2021.10.24"]
[SourceVersion "1"]
[SourceVersionDate "2021.10.24"]
[SourceQuality "1"]

1. d4 Nf6 2. c4 e6 3. Nf3 b6 4. g3 Ba6 5. b3 Bb4+ 6. Bd2 Be7 7. Bg2 c6 8. Bc3 d5 9. 0-0 Nbd7 10. Nbd2 0-0 11. Re1 c5 12. e4 dxe4 13. Nxe4 Bb7 14. Nfg5 cxd4 15. Bxd4 Qc7 16. Nxf6+ Bxf6 17. Bxf6 Nxf6 18. Bxb7 Qxb7 19. Qe2 Rfd8 20. Rad1 Qc7 21. h4 h6 22. Nf3 Rxd1 23. Rxd1 Rd8 24. Rd3 Rd7 0-1

[Event "CP-2015-Q-00003"]
[Site "LSS email"]
[Date "2015.12.02"]
[Round "?"]
[White "Bukarin, Mikhail"]
[Black "Vasilyev, Eugene"]
[Result "1-0"]
[WhiteElo "2238"]
[BlackElo "2157"]
[PlyCount "111"]
[EventDate "2015.12.08"]
[EventType "tourn (corr)"]
[EventRounds "6"]
[EventCountry "GER"]
[SourceTitle "Corr 2022"]
[Source "ChessBase"]
[SourceDate "2021.10.24"]
[SourceVersion "1"]
[SourceVersionDate "2021.10.24"]
[SourceQuality "1"]

1. d4 Nf6 2. c4 e6 3. Nf3 b6 4. g3 Ba6 5. Qc2 c5 6. d5 exd5 7. cxd5 Bb7 8. Bg2 Nxd5 9. 0-0 Be7 10. Rd1 Nc6 11. Qa4 Nf6 12. Nh4 g6 13. Bh6 Bf8 14. Bg5 h6 15. Bxf6 Qxf6 16. Nc3 0-0-0 17. Rd3 g5 18. Nf3 a6 19. Nd5 b5 20. Qd1 Qe6 21. a4 b4 22. Re3 Qg6 23. Rc1 h5 24. Nb6+ Kc7 25. a5 h4 26. Rd3 Nxa5 27. Rxd7+ Rxd7 28. Qxd7+ Kxb6 29. Ne5 Qf6 30. Nc4+ Nxc4 31. Qxb7+ Ka5 32. Ra1+ Na3 33. Qc7+ Qb6 34. Qxf7 Bh6 35. bxa3 b3 36. Rb1 Rb8 37. Qd5 g4 38. Qd3 Qf6 39. Rxb3 hxg3 40. hxg3 Rxb3 41. Qxb3 Bd2 42. Qd5 Qd4 43. Qc6 Be1 44. e3 Bxf2+ 45. Kxf2 Qd2+ 46. Kg1 Qxe3+ 47. Kh2 Qxa3 48. Qd5 Qe3 49. Bf1 Qf2+ 50. Qg2 Qd4 51. Qa2+ Kb4 52. Bxa6 c4 53. Qb1+ Ka3 54. Qc2 Qh8+ 55. Kg1 Qd4+ 56. Kg2 1-0

[Event "CP-2015-Q-00003"]
[Site "LSS email"]
[Date "2015.12.02"]
[Round "?"]
[White "Woelfelschneider, Peter"]
[Black "Vasilyev, Eugene"]
[Result "1/2-1/2"]
[WhiteElo "2330"]
[BlackElo "2157"]
[PlyCount "45"]
[EventDate "2015.12.08"]
[EventType "tourn (corr)"]
[EventRounds "6"]
[EventCountry "GER"]
[SourceTitle "Corr 2022"]
[Source "ChessBase"]
[SourceDate "2021.10.24"]
[SourceVersion "1"]
[SourceVersionDate "2021.10.24"]
[SourceQuality "1"]

1. c4 e5 2. Nc3 Nf6 3. Nf3 Nc6 4. g3 d5 5. cxd5 Nxd5 6. Bg2 Nb6 7. d3 Be7 8. 0-0 0-0 9. Be3 Be6 10. a3 f5 11. Rc1 Kh8 12. b4 a6 13. Bc5 Bxc5 14. bxc5 Nd7 15. d4 e4 16. d5 exf3 17. Bxf3 Nxc5 18. dxe6 Nxe6 19. Bxc6 bxc6 20. e3 Qe8 21. Qe2 Rf6 22. Rfd1 Ng5 23. h4 1/2-1/2

[Event "WC-2015-Q-00009"]
[Site "LSS email"]
[Date "2015.09.08"]
[Round "?"]
[White "Susla, Vitaliy"]
[Black "Vasilyev, Eugene"]
[Result "1-0"]
[WhiteElo "2276"]
[BlackElo "2155"]
[PlyCount "103"]
[EventDate "2015.09.15"]
[EventType "tourn (corr)"]
[EventRounds "12"]
[EventCountry "GER"]
[SourceTitle "Corr 2022"]
[Source "ChessBase"]
[SourceDate "2021.10.24"]
[SourceVersion "1"]
[SourceVersionDate "2021.10.24"]
[SourceQuality "1"]

1. d4 d5 2. c4 c6 3. Nf3 Nf6 4. e3 Bf5 5. Nc3 e6 6. Nh4 Bg6 7. Nxg6 hxg6 8. Bd2 Qc7 9. h3 Nbd7 10. Qb3 g5 11. 0-0-0 a6 12. cxd5 cxd5 13. Bd3 b5 14. Kb1 Be7 15. f3 Qa7 16. Bc1 b4 17. Na4 Rc8 18. Rhe1 Rc7 19. Bf1 Qb7 20. Bd2 a5 21. Rc1 0-0 22. Rxc7 Qxc7 23. Rc1 Qh2 24. Qc2 Qg1 25. Qc7 Bd8 26. Qg3 Nh5 27. Qd6 Nhf6 28. Rd1 Re8 29. Nc5 Be7 30. Qc6 Nxc5 31. dxc5 Qh2 32. Qb6 Bd8 33. Qd6 Qxd6 34. cxd6 Bb6 35. Rc1 Rd8 36. Rc6 Nd7 37. a3 bxa3 38. bxa3 Rb8 39. Ka2 f6 40. Bb5 Bxe3 41. Bxe3 Rxb5 42. Rc7 d4 43. Bxd4 Rd5 44. Bc3 Rxd6 45. Bxa5 Ra6 46. Rxd7 Rxa5 47. Rb7 e5 48. Kb3 Rc5 49. a4 Kf8 50. Rd7 f5 51. Kb4 Rc1 52. Rd5 1-0

[Event "WC-2015-Q-00009"]
[Site "LSS email"]
[Date "2015.09.08"]
[Round "?"]
[White "Vasilyev, Eugene"]
[Black "Gruber, Rudolf"]
[Result "1/2-1/2"]
[WhiteElo "2155"]
[BlackElo "2309"]
[PlyCount "75"]
[EventDate "2015.09.15"]
[EventType "tourn (corr)"]
[EventRounds "12"]
[EventCountry "GER"]
[SourceTitle "Corr 2022"]
[Source "ChessBase"]
[SourceDate "2021.10.24"]
[SourceVersion "1"]
[SourceVersionDate "2021.10.24"]
[SourceQuality "1"]

1. e4 e6 2. d4 d5 3. Nc3 Bb4 4. e5 c5 5. a3 Bxc3+ 6. bxc3 Ne7 7. Qg4 0-0 8. Bd3 c4 9. Bh6 Ng6 10. Bxg6 fxg6 11. Be3 Nc6 12. h4 Rf5 13. Ne2 Bd7 14. Ng3 Qa5 15. Kd2 h5 16. Qh3 Rf7 17. Ne2 Raf8 18. g4 Ne7 19. Qg3 Rf3 20. Qg2 Be8 21. Rag1 R8f7 22. gxh5 gxh5 23. Bf4 Rd3+ 24. cxd3 cxd3 25. Kxd3 Qxa3 26. Kd2 Qa2+ 27. Ke1 Bb5 28. f3 Qa1+ 29. Bc1 Nf5 30. Rh3 Bxe2 31. Kxe2 Qxc3 32. Re1 Nxd4+ 33. Kf2 Qc5 34. Kf1 b5 35. Bd2 a5 36. Qg1 Qc4+ 37. Kg2 Nb3 38. Bg5 1/2-1/2

[Event "WC-2015-Q-00009"]
[Site "LSS email"]
[Date "2015.09.08"]
[Round "?"]
[White "Vasilyev, Eugene"]
[Black "Lovakovic, Franjo"]
[Result "1/2-1/2"]
[WhiteElo "2155"]
[BlackElo "2451"]
[PlyCount "60"]
[EventDate "2015.09.15"]
[EventType "tourn (corr)"]
[EventRounds "12"]
[EventCountry "GER"]
[SourceTitle "Corr 2022"]
[Source "ChessBase"]
[SourceDate "2021.10.24"]
[SourceVersion "1"]
[SourceVersionDate "2021.10.24"]
[SourceQuality "1"]

1. e4 c5 2. Nf3 d6 3. d4 cxd4 4. Nxd4 Nf6 5. Nc3 a6 6. Be3 e5 7. Nb3 Be7 8. Be2 0-0 9. 0-0 Be6 10. Qd3 Nbd7 11. Nd5 Bxd5 12. exd5 Ne8 13. Qd2 f5 14. g3 Nef6 15. f3 Nh5 16. f4 Nhf6 17. Rae1 g6 18. Qb4 b5 19. c4 exf4 20. Rxf4 bxc4 21. Nd4 Qb8 22. Qxb8 Rfxb8 23. Nc6 Re8 24. Rxc4 Bf8 25. Bf2 Bh6 26. Bf3 Rxe1+ 27. Bxe1 Nb6 28. Ne7+ Kf8 29. Rc7 Re8 30. Bf2 Rxe7 1/2-1/2

[Event "BI-2015-P-0000"]
[Site "LSS email"]
[Date "2015.04.16"]
[Round "?"]
[White "Vasilyev, Eugene"]
[Black "Schiller, Wilfried"]
[Result "1/2-1/2"]
[WhiteElo "2143"]
[BlackElo "2183"]
[PlyCount "51"]
[EventDate "2015.04.22"]
[EventType "tourn (corr)"]
[EventRounds "10"]
[EventCountry "GER"]
[SourceTitle "Corr 2022"]
[Source "ChessBase"]
[SourceDate "2021.10.24"]
[SourceVersion "1"]
[SourceVersionDate "2021.10.24"]
[SourceQuality "1"]

1. e4 c5 2. Nf3 Nc6 3. d4 cxd4 4. Nxd4 Nf6 5. Nc3 e5 6. Ndb5 d6 7. Bg5 a6 8. Na3 b5 9. Nd5 Be7 10. Bxf6 Bxf6 11. c3 Bg5 12. Nc2 Rb8 13. a4 bxa4 14. Ncb4 Bd7 15. Bxa6 Nxb4 16. cxb4 0-0 17. 0-0 Kh8 18. Bc4 Qe8 19. b3 axb3 20. Qxb3 f5 21. Ra6 fxe4 22. Rxd6 Bb5 23. Bxb5 Qxb5 24. Qg3 Bf4 25. Qh3 Rfd8 26. Rxd8+ 1/2-1/2

[Event "BI-2015-P-0000"]
[Site "LSS email"]
[Date "2015.04.16"]
[Round "?"]
[White "Weiss, Lester"]
[Black "Vasilyev, Eugene"]
[Result "1/2-1/2"]
[WhiteElo "2033"]
[BlackElo "2143"]
[PlyCount "82"]
[EventDate "2015.04.22"]
[EventType "tourn (corr)"]
[EventRounds "10"]
[EventCountry "GER"]
[SourceTitle "Corr 2022"]
[Source "ChessBase"]
[SourceDate "2021.10.24"]
[SourceVersion "1"]
[SourceVersionDate "2021.10.24"]
[SourceQuality "1"]

1. d4 d5 2. c4 c6 3. Nf3 Nf6 4. e3 e6 5. Nc3 Nbd7 6. Qc2 Bd6 7. Bd3 0-0 8. 0-0 dxc4 9. Bxc4 a6 10. Rd1 b5 11. Bd3 Qc7 12. Bd2 c5 13. Ne4 c4 14. Nxd6 Qxd6 15. Be2 Bb7 16. b3 Bd5 17. Qb2 Ne4 18. Ba5 Rfc8 19. Ne1 f5 20. f3 Nef6 21. Rab1 h5 22. Rdc1 h4 23. Rc2 e5 24. Rbc1 Rab8 25. dxe5 Nxe5 26. Bc3 Re8 27. Rd2 cxb3 28. axb3 Qe6 29. Nc2 Ned7 30. Re1 h3 31. Bd3 g6 32. Nd4 Qf7 33. Qa1 Rb6 34. Bc2 b4 35. Bb2 Bb7 36. gxh3 Nd5 37. Rde2 Re7 38. Bd3 Ne5 39. Bc4 Rd6 40. Qc1 Rd8 41. Rg2 Qf6 1/2-1/2

[Event "CP-2014-P-00047"]
[Site "LSS email"]
[Date "2014.09.30"]
[Round "?"]
[White "Vasilyev, Eugene"]
[Black "Rivas Maceda, Juan"]
[Result "1/2-1/2"]
[WhiteElo "2149"]
[BlackElo "2079"]
[PlyCount "55"]
[EventDate "2014.10.01"]
[EventType "tourn (corr)"]
[EventRounds "6"]
[EventCountry "GER"]
[SourceTitle "Corr 2022"]
[Source "ChessBase"]
[SourceDate "2021.10.24"]
[SourceVersion "1"]
[SourceVersionDate "2021.10.24"]
[SourceQuality "1"]

1. e4 e5 2. Nf3 Nc6 3. Bb5 a6 4. Ba4 Nf6 5. 0-0 b5 6. Bb3 Be7 7. Re1 0-0 8. d3 d6 9. a4 b4 10. Nbd2 Be6 11. Bxe6 fxe6 12. Nb3 Qe8 13. d4 Nd7 14. d5 Nd8 15. dxe6 Nxe6 16. Qd5 Qf7 17. Na5 c5 18. Nc6 Kh8 19. c3 a5 20. Be3 Nf6 21. Qd3 Ng4 22. cxb4 axb4 23. h3 Nxe3 24. fxe3 Ng5 25. Rf1 Qe6 26. Nxe7 Nxf3+ 27. Rxf3 Rxf3 28. gxf3 1/2-1/2

[Event "CP-2014-P-00047"]
[Site "LSS email"]
[Date "2014.09.30"]
[Round "?"]
[White "Vasilyev, Eugene"]
[Black "Semenov, Zhenya"]
[Result "1-0"]
[WhiteElo "2149"]
[BlackElo "986"]
[PlyCount "65"]
[EventDate "2014.10.01"]
[EventType "tourn (corr)"]
[EventRounds "6"]
[EventCountry "GER"]
[SourceTitle "Corr 2022"]
[Source "ChessBase"]
[SourceDate "2021.10.24"]
[SourceVersion "1"]
[SourceVersionDate "2021.10.24"]
[SourceQuality "1"]

1. e4 c5 2. Nf3 Nc6 3. d4 cxd4 4. Nxd4 Nf6 5. Nc3 e5 6. Ndb5 d6 7. Bg5 a6 8. Na3 b5 9. Nd5 Be7 10. Bxf6 Bxf6 11. c4 b4 12. Nc2 a5 13. g3 0-0 14. Bg2 Bg5 15. 0-0 Kh8 16. Qd3 f5 17. exf5 Bxf5 18. Be4 Bxe4 19. Qxe4 Ne7 20. Rad1 Nxd5 21. Rxd5 Be7 22. Ne3 g6 23. Rfd1 Qc7 24. c5 Qc6 25. Rxe5 Qxe4 26. Rxe4 Rfe8 27. cxd6 Bf6 28. Rxe8+ Rxe8 29. d7 Rd8 30. Nc4 a4 31. Na5 b3 32. axb3 axb3 33. Nc6 1-0

[Event "BI-2014-F-0000"]
[Site "LSS email"]
[Date "2014.02.21"]
[Round "?"]
[White "Egorov, Vladimir Al"]
[Black "Vasilyev, Eugene"]
[Result "1-0"]
[WhiteElo "2326"]
[BlackElo "2076"]
[PlyCount "61"]
[EventDate "2014.02.27"]
[EventType "tourn (corr)"]
[EventRounds "10"]
[EventCountry "GER"]
[SourceTitle "Corr 2022"]
[Source "ChessBase"]
[SourceDate "2021.10.24"]
[SourceVersion "1"]
[SourceVersionDate "2021.10.24"]
[SourceQuality "1"]

1. Nf3 d5 2. c4 d4 3. b4 Nf6 4. e3 dxe3 5. fxe3 Bf5 6. Nc3 e6 7. a3 a5 8. b5 Nbd7 9. d4 b6 10. g3 Bd6 11. Bg2 Ne4 12. Qb3 0-0 13. 0-0 Ndf6 14. Ra2 Nxc3 15. Qxc3 Ne4 16. Qb3 Rb8 17. Nh4 a4 18. Qb2 Qg5 19. Nxf5 exf5 20. Bxe4 fxe4 21. Qc2 Rbe8 22. Qxa4 h5 23. Qd1 h4 24. g4 f5 25. c5 bxc5 26. dxc5 Be5 27. Raf2 Qxg4+ 28. Qxg4 fxg4 29. Rxf8+ Rxf8 30. Rxf8+ Kxf8 31. a4 1-0

[Event "BI-2014-F-0000"]
[Site "LSS email"]
[Date "2014.02.21"]
[Round "?"]
[White "Florea, Valentin"]
[Black "Vasilyev, Eugene"]
[Result "0-1"]
[WhiteElo "2269"]
[BlackElo "2076"]
[PlyCount "38"]
[EventDate "2014.02.27"]
[EventType "tourn (corr)"]
[EventRounds "10"]
[EventCountry "GER"]
[SourceTitle "Corr 2022"]
[Source "ChessBase"]
[SourceDate "2021.10.24"]
[SourceVersion "1"]
[SourceVersionDate "2021.10.24"]
[SourceQuality "1"]

1. e4 c5 2. Nf3 d6 3. d4 cxd4 4. Nxd4 Nf6 5. Nc3 a6 6. Be3 e5 7. Nb3 Be6 8. f3 Be7 9. Qd2 0-0 10. 0-0-0 Nbd7 11. g4 b5 12. g5 b4 13. Ne2 Ne8 14. f4 a5 15. f5 Bxb3 16. cxb3 a4 17. bxa4 Rxa4 18. b3 Ra5 19. Kb1 d5 0-1

[Event "BI-2014-F-0000"]
[Site "LSS email"]
[Date "2014.02.21"]
[Round "?"]
[White "Vasilyev, Eugene"]
[Black "Fernandez, Javier Horacio"]
[Result "1/2-1/2"]
[WhiteElo "2076"]
[BlackElo "2281"]
[PlyCount "54"]
[EventDate "2014.02.27"]
[EventType "tourn (corr)"]
[EventRounds "10"]
[EventCountry "GER"]
[SourceTitle "Corr 2022"]
[Source "ChessBase"]
[SourceDate "2021.10.24"]
[SourceVersion "1"]
[SourceVersionDate "2021.10.24"]
[SourceQuality "1"]

1. e4 e5 2. Nf3 Nc6 3. Bb5 a6 4. Ba4 Nf6 5. 0-0 Bc5 6. c3 b5 7. Bb3 d6 8. a4 Bg4 9. h3 Bxf3 10. Qxf3 0-0 11. d3 Na5 12. Bc2 b4 13. Bg5 Rb8 14. Nd2 bxc3 15. bxc3 Rb2 16. Rfc1 h6 17. Bh4 Qe7 18. Qd1 Rfb8 19. Rab1 Qe6 20. Nf3 Rxb1 21. Rxb1 Rxb1 22. Qxb1 Bb6 23. Qd1 Nd7 24. d4 Qc4 25. dxe5 Nxe5 26. Nxe5 dxe5 27. Qd3 Qxd3 1/2-1/2

[Event "BI-2014-F-0000"]
[Site "LSS email"]
[Date "2014.02.21"]
[Round "?"]
[White "Vasilyev, Eugene"]
[Black "Martucci, Massimo"]
[Result "1/2-1/2"]
[WhiteElo "2076"]
[BlackElo "2197"]
[PlyCount "64"]
[EventDate "2014.02.27"]
[EventType "tourn (corr)"]
[EventRounds "10"]
[EventCountry "GER"]
[SourceTitle "Corr 2022"]
[Source "ChessBase"]
[SourceDate "2021.10.24"]
[SourceVersion "1"]
[SourceVersionDate "2021.10.24"]
[SourceQuality "1"]

1. e4 c5 2. Nf3 d6 3. d4 cxd4 4. Nxd4 Nf6 5. Nc3 a6 6. Be3 e5 7. Nb3 Be6 8. f3 Nbd7 9. Qd2 b5 10. 0-0-0 Be7 11. g4 0-0 12. g5 Nh5 13. Kb1 Nb6 14. Nd5 Nxd5 15. exd5 Bd7 16. Na5 Qc7 17. Bd3 Rab8 18. Rhe1 g6 19. h4 b4 20. Nc6 Bxc6 21. dxc6 Qxc6 22. Be4 Qc7 23. Bd5 Rb5 24. Qe2 Rc8 25. Rg1 Ng7 26. Rg4 Nf5 27. Rc4 Qd8 28. Ba7 Nd4 29. Rxc8 Qxc8 30. Qc4 Qf5 31. Bxd4 exd4 32. Qxd4 Rc5 1/2-1/2